00781 a2200205 4500003000500000005001700005010001600022020001700038040000900055082001900064245009100083250001200174260007800186300002700264505017800291650003900469650002500508700002300533700001900556Nust20221216120537.0 a 87032850 a008034321X : cNust00a306.270973,MIL04aThe Military :bmore than just a job? / cedited by Charles C. Moskos & Frank R. Wood. a1st ed. aWashington :bPergamon-Brassey's International Defense Publishers,c1988. axiii, 305 p. ;c24 cm. aInstitution Versus Occupation (Paeg-3), Issues in the American Military (Paeg-79), Comparative Perspective (Paeg-153), Institution Versus Occupation Reconsidered (Paeg-279). 0aArmed ForcesxVocational guidance. 0aSociology, Military.1 aMoskos, Charles C.1 aWood, Frank R.